000 00587nam a2200181Ia 4500
003 GCL
008 140319s9999 xx 000 0 ara d
040 _aGCL /
_cGCL
082 0 4 _a810.982
_bم ا
100 1 _aمحمد زغلول سلام
245 1 0 _aالادب فى العصر المملوكى مدخل فى العصر واتجاهاته الفكرية والفنية /
_cمحمد زغلول سلام
300 _a454
490 _aكتاب
_v0
650 0 4 _aالادب العربى
650 0 4 _aالعصر المملوكى
650 0 4 _aتاريخ ونقد
942 _2ddc
_cBK
999 _c42878
_d42878